It's Always Sunny in Philadelphia Quiz - Statistics

General Stats
  • This quiz has been taken 6,725 times
  • The average score is 14 of 26
Answer Stats
Hint Answer % Correct
Charlie's Love Obsession? The Waitress
99%
Preferred Drink of the McPoyles Milk
92%
Charlie's spandex mascot alterego Green Man
91%
What do Dennis & Dee do to try and get Welfare? Smoke Crack
87%
Sweet Dee's Nickname in High School Aluminum Monster
83%
Philadelphia's Annual Flip Cup Tournament Flipadelphia
81%
Charlie's area of legal expertise Bird Law
80%
How does Mac describe his weight gain? Tacking on Mass
71%
Who Pooped the Bed? Frank
69%
Why wont a woman say "No" while out on the open water? The Implication
68%
Dennis & Dee's Grandfather was what? Nazi
66%
Mac's series of videos featuring him doing crazy stunts Project Badass
66%
The Game of Games Chardee MacDennis
64%
Charlie's Favorite Food Milksteak
55%
What Movie sequal does the Gang produce and star in? Lethal Weapon 5
48%
Mac wants what to be burned when he dies? The Duster
43%
Dancing Guy: What's the Time? Diaper Time
38%
Pimp who tries to make Sweet Dee his Ho Pepper Jack
35%
Cricket's secret weapon for the dance competition? Exoskeleton
34%
Charlie makes Sweet Dee famous on youtube under what name? Pathetic Girl 43
34%
Charlie's underground street fighting name Clown Baby
28%
What does the gang name the Dumpster Baby? DB
27%
Sweet Dee's online chat name Desert Rose
27%
Name of Frank's old "Gang" Yellow Jackets
23%
Mac & Franks Band Name Chemical Toilet
22%
Who died in Mac & Charlie's childhood pool? Jamie Nelson
12%
No matching quizzes found
Score Distribution
Percent of People with Each Score
Percentile by Number Answered
Your Score History
You have not taken this quiz